Southville International School and Colleges
Your cart is empty.
  • Cart
  • Lists
    Public lists Eva Luna New books Lux_list list_1
    Your lists Log in to create your own lists
  • Log in to your account
  • Your cookies
  • Search history
Southville International School and Colleges
  • Advanced search
  • Recent comments
  • Most popular
  • Libraries

Log in to your account

Log in with GOOGLE


If you do not have an external account, but do have a local account, you can still log in:

  1. Home
  2. MARC view: IT manager's handbook :
Normal view MARC view ISBD view

IT manager's handbook : (Record no. 24501)

[ view plain ]
MARC details
000 -LEADER
fixed length control field 00563nam a2200193 a 4500
005 - DATE AND TIME OF LATEST TRANSACTION
control field 20140310183525.0
008 - FIXED-LENGTH DATA ELEMENTS--GENERAL INFORMATION
fixed length control field 111003s19uu xx 00 eng d
020 ## - INTERNATIONAL STANDARD BOOK NUMBER
International Standard Book Number 9780123751102
050 ## - LIBRARY OF CONGRESS CALL NUMBER
Classification number HD 30.2
Item number .H656 2010
100 ## - MAIN ENTRY--PERSONAL NAME
Personal name Holtsnider, Bill
245 ## - TITLE STATEMENT
Title IT manager's handbook :
Remainder of title the business edition /
Statement of responsibility, etc Bill Holtsnider and Brian Jaffe.
260 ## - PUBLICATION, DISTRIBUTION, ETC. (IMPRINT)
Place of publication, distribution, etc Amsterdam :
Name of publisher, distributor, etc Elsevier,
Date of publication, distribution, etc 2010.
300 ## - PHYSICAL DESCRIPTION
Extent 364 p. :
Dimensions 24 cm.
521 ## - TARGET AUDIENCE NOTE
Target audience note
650 ## - SUBJECT ADDED ENTRY--TOPICAL TERM
Topical term or geographic name as entry element Management
General subdivision Handbooks
-- Manuals
700 ## - ADDED ENTRY--PERSONAL NAME
Personal name Jaffe, Brian
942 ## - ADDED ENTRY ELEMENTS (KOHA)
Koha item type Books
Source of classification or shelving scheme Library of Congress Classification
Call number prefix Foreign
Holdings
Withdrawn status Lost status Source of classification or shelving scheme Damaged status Home library Current library Shelving location Date acquired Source of acquisition Cost, normal purchase price Total Checkouts Full call number Barcode Date last seen Copy number Price effective from Koha item type
    Library of Congress Classification   College Library College Library General Circulation Section 10/03/2011 Donation 3498.00   HD 30.2 .H656 2010 C12553 05/15/2018 1 10/18/2013 Books

IT manager's handbook :

APA

Holtsnider B., Jaffe B., . (2010). IT manager's handbook. Amsterdam: Elsevier.

Chicago

Holtsnider Bill, Jaffe Brian, . 2010. IT manager's handbook. Amsterdam: Elsevier.

Harvard

Holtsnider B., Jaffe B., . (2010). IT manager's handbook. Amsterdam: Elsevier.

MLA

Holtsnider Bill, Jaffe Brian, . IT manager's handbook. Amsterdam: Elsevier. 2010.

  • Place hold
  • Print
  • Cite
  • Add to your cart (remove)
  • Save record
    BIBTEX Dublin Core MARCXML MARC (non-Unicode/MARC-8) MARC (Unicode/UTF-8) MARC (Unicode/UTF-8, Standard) MODS (XML) RIS
  • More searches
    Search for this title in:
    Other Libraries (WorldCat) Other Databases (Google Scholar) Online Stores (Bookfinder.com) Open Library (openlibrary.org)

Exporting to Dublin Core...

SOUTHVILLE LIBRARY

Southville International School and Colleges Library

1281 Tropical Ave. Cor. Luxembourg St., BF Homes International, Las Pinas City

Tel. No. 8256374 / 252358 Loc. 117/146

Powered by Koha